000 00247nam a2200109Ia 4500
008 220204s9999 xx 000 0 und d
082 _a82-3
_bBLY
100 _aBlyton, Enid
245 4 _aThe Seaside family
260 _bSparrow
_c1982
942 _cBK
999 _c37673
_d37673